TLC con Estados Unidos: desafío al modelo solidario de Costa Rica: el caso del ICE /
Este documento pretende mostrar las bondades del modelo de desarrollo de Costa Rica, pues a pesar de sus defectos, instituciones como el Instituto Costarricense de Electricidad (ICE), la Caja Costarricense del Seguro Social (CCSS), el Servicio Nacional de Acueductos y Alcantarillados (SNAA), el Inst...
Gorde:
| Egile nagusia: | |
|---|---|
| Beste egile batzuk: | , |
| Formatua: | Texto |
| Hizkuntza: | Spanish |
| Argitaratua: |
San José:
EUNED
|
| Gaiak: | |
| Etiketak: |
Etiketa erantsi
Etiketarik gabe, Izan zaitez lehena erregistro honi etiketa jartzen!
|
MARC
| LEADER | 00000 a a2200000 04500 | ||
|---|---|---|---|
| 001 | 34802 | ||
| 003 | CRAI/IIS | ||
| 005 | 20210528144556.0 | ||
| 008 | 210528b |||||||| |||| 00| 0 spa d | ||
| 020 | |a 9968-31-442-0 | ||
| 022 | |a 9968-31-442-0 | ||
| 040 | |a Centro de Recursos para el Aprendizaje y la Investigación |b Español |c CRAI/IIS | ||
| 090 | |a 09.05.01 F977t | ||
| 100 | |a Fumero Paniagua, Gerardo | ||
| 245 | |a TLC con Estados Unidos: desafío al modelo solidario de Costa Rica: |c Gerardo Fumero Paniagua |b el caso del ICE / | ||
| 260 | |a San José: |b EUNED | ||
| 300 | |a 256 p. | ||
| 500 | |a Colección Centroamérica | ||
| 520 | |a Este documento pretende mostrar las bondades del modelo de desarrollo de Costa Rica, pues a pesar de sus defectos, instituciones como el Instituto Costarricense de Electricidad (ICE), la Caja Costarricense del Seguro Social (CCSS), el Servicio Nacional de Acueductos y Alcantarillados (SNAA), el Instituto Nacional de Seguros (INS) y el Sistema de Educación Pública, son el mejor exponente de la solidaridad social que lo caracteriza. Aspira además, a ser una voz de alerta para todos aquellos costarricenses preocupados por el futuro de la patria, en relación con las amenazas que se ciernen sobre el país y sus instituciones, de aprobarse el Tratado de Libre Comercio entre Estados Unidos-Centroamérica-República Dominicana, en las condiciones en que fue negociado y firmado a principios del 2004 | ||
| 650 | |a TLC |0 TESAUROS | ||
| 650 | |a TELECOMUNICACIONES |0 TESAUROS | ||
| 650 | |a SECTOR PUBLICO |0 TESAUROS | ||
| 650 | |a ELECTRICIDAD |0 TESAUROS | ||
| 650 | |a COMERCIO |0 TESAUROS | ||
| 650 | |a CAPITAL |0 TESAUROS | ||
| 650 | |a DERECHO MERCANTIL |0 TESAUROS | ||
| 650 | |a COSTA RICA |0 TESAUROS | ||
| 650 | |a TELECOMUNICACIONES |0 TESAUROS | ||
| 700 | |a | ||
| 700 | |a López Alfaro, Salvador | ||
| 700 | |a Villasuso Estomba, Juan Manuel | ||
| 852 | 1 | 1 | |a 09.05.01 F977t |
| 942 | |2 ddc |c LI |h 09.05.01 F977t |k 09.05.01 |m F977t |6 090501_F977T | ||
| 999 | |c 16681 |d 16681 | ||



